| 000 | 00439nam a2200169Ia 4500 | ||
|---|---|---|---|
| 005 | 20240719024213.0 | ||
| 008 | 240331s9999 xx 000 0 und d | ||
| 020 | _a0452282616 | ||
| 082 |
_a270.1 _bHOP |
||
| 100 | _aHopkings, K | ||
| 245 | 2 |
_aA world full of gods : _bthe strange triumph of Christianity |
|
| 260 |
_aNew York _bPenguin Group _c1999 |
||
| 300 | _axii, 402 p ., | ||
| 650 | _aReligion | ||
| 650 | _aChristianity | ||
| 942 | _cL | ||
| 999 |
_c825 _d825 |
||